000 01031nam a2200289 a 4500
001 40345
003 BD-RjUL
005 20211209053209.0
008 160428s1966 pk ||||| |||| 00| 0 ben d
020 _c: PRs 5.00 (V-1)
020 _c: PRs 6.00 (V-2)
035 _a(BD-RjUL)40460
040 _aBD-RjUL
_bben
_cBD-RjUL
041 _aben
082 _223
_a891.443
_bBAB V-1-2 1966
100 1 _aবারি, এম. এ.
_9124293
245 1 0 _aবিষের পাহাড় /
_cএম. এ. বারি
260 _aঢাকা :
_bআলোছায়া,
_c১৯৬৬ [শ্রাবণ ১৩৭৩]
300 _a খণ্ড ;
_c২২ সেমি.
490 _aক্রন্দসী ;
_v
500 _a"রচনাকালঃ ১৯৪১-১৯৪৬"
505 0 _a খণ্ড ১ -- খণ্ড ২
650 _aবাংলা উপন্যাস
_9124294
650 _aBengali Fiction
_9124295
830 _aক্রন্দসী ;
_v
_9237878
942 _2ddc
_cBK
999 _c40345
_d40345